Регионална библиотека "Любен Каравелов" - Русе

Каквото казах, нека (Запис номер 400376)

MARC детайли
000 -Лидер
Контролно поле с фиксирана дължина 01280nam a2200313 c 4500
003 - Код на организацията, давaща контролен номер
Контролно поле BLK
005 - Дата и час на последна редакция
Контролно поле 20241122174904.0
008 - Елементи от данни с фиксирана дължина
fixed length control field 210309b bul|||||r ||||||| ||bul||
020 ## - Международен стандартен номер на книга ISBN
Международен стандартен номер на книга ISBN 9786197082616
040 ## - Източник на каталожния запис
Идентификатор на билиотеката - собственик на записа BLK
041 ## - Код за език
Код за езика на текст/звукозапис или на отделно заглавие Български
Код за езика КДБФ Български
080 ## - УДК
Текстов определител УДК Холандска литература
УДК код - определител по УДК 821.112.5(492)
УДК определител -1
УДК - код + определител 821.112.5(492)-1
100 ## - Редна дума - Автор
Автор Копланд, Рухтер
R(LIN) 338342
139 ## - Редно поле
Редна дума Копланд, Рухтер
Авторски знак Конф - К 84
245 10 - Сведения за заглавието
Заглавие Каквото казах, нека
Редно поле (дума) Рухтер Копланд ; прев. от нидерл. Боряна Кацарска.
257 ## - Страна на издаване
Страна на създаване/издаване Нидерландия (Холандия)
260 ## - Област на издателските данни
Място на издаване, разпространение и проч. София
Име на издателя, разпространителя и проч. Изд. за поезия ДА
Година на издаване 2020
Печатница София : Симолини
9 (RLIN) 219884
Издателство - префикс ISBN 978-619-7082-
300 ## - Физическа характеристика
Страници 332 с.
Размери/Мащаб 22 см
380 ## - Жанр
Жанр Худож. лит.
500 ## - Общи забележки
Забележка Прев. по: Verzamelde gedichten / Rutger Kopland. - За авт.: с. 315-316. - Почти приятното усещане да си излишен / Боряна Кацарска: с. 317-326.
700 ## - Други автори (авторска отговорност)
Лично име Кацарска, Боряна Иванова
9 (RLIN) 321675
852 ## - Местоположение
Форматна сигнатура Цб 306930
Фондова буква Хранилище
852 ## - Местоположение
Форматна сигнатура 821-1/К 84
Фондова буква Заемна - подръчен фонд
856 4# - Електронен адрес и достъп
Електронен формат pdf - файл
856 4# - Електронен адрес и достъп
Електронен формат pdf - файл
942 ## - АРТИКУЛИ
Вид на библиотечния материал Книги
Скрит в OPAC Не
Периодичен библиозапис Да
Koha issues (borrowed), all copies 1
944 ## - СЪЗДАВАНЕ И РЕДАКЦИЯ на ЗАПИСА
Създаване/Редакция Създаване
Дата на регистрацията/редакция 2021-03-09
Служител, извършил регистрацията/редакцията 30530
Статус, дата на статуса Минев Младен
999 ## - СИСТЕМНИ КОНТРОЛНИ НОМЕРА
Koha biblionumber 400376
Koha biblioitemnumber 400376
999 ## - СИСТЕМНИ КОНТРОЛНИ НОМЕРА
Koha biblioitemnumber 400376
Наличности
Код за отписване Код за изгубен артикул Източник на класификационната схема Код за повреда Коз за рестрикции Код за отдаване Артикулен № Име на библиотеката - собственик Име на библиотеката, в която се намира в момента Статус (Текущо местоположение) Дата на вписване в системата Местоположение - отдел Цена в лева Систематично азбучна сигнатура Баркод Цена в евро Служебен тип на артикула Инвентарен номер
  Не е изгубен Universal Decimal Classification Не е повреден само за читалня ползва се в читалня 815506 Регионална библиотека "Любен Каравелов" Русе Регионална библиотека "Любен Каравелов" Русе Хранилище 2021-03-10 Хранилище 20.00 Цб 306930 120000852817 10.23 Книги  
  Не е изгубен Universal Decimal Classification Не е повреден   заемане за дома 941667 Регионална библиотека "Любен Каравелов" Русе Регионална библиотека "Любен Каравелов" Русе Заемна - подръчен фонд 2024-03-20 Заемна - подръчен фонд 20.00 821-1/К 84 Р 120000900695 10.23 Книги 120000900695
Vip Innovations Ltd, Rousse, Bulgaria 2025